| 000 | 00000nam 2200000zi 4500 |
| 001 | 9.910227 |
| 003 | CaOODSP |
| 005 | 20221107182106 |
| 006 | m o d f |
| 007 | cr ||||||||||| |
| 008 | 220412e202207##onc o f000 0 eng d |
| 020 | |a9780660430683 |
| 040 | |aCaOODSP|beng|erda|cCaOODSP |
| 043 | |an-cn--- |
| 086 | 1 |aH164-249/2022E-PDF |
| 245 | 00|aNutrition labelling : |btable of permitted nutrient content statements and claims. |
| 264 | 1|aOttawa, ON : |bHealth Canada = Santé Canada, |cJuly 2022. |
| 264 | 4|c©2022 |
| 300 | |a1 online resource (22 pages) |
| 336 | |atext|btxt|2rdacontent |
| 337 | |acomputer|bc|2rdamedia |
| 338 | |aonline resource|bcr|2rdacarrier |
| 500 | |aIssued also in French under title: Étiquetage nutritionnel : tableau des mentions et des allégations autorisées concernant la teneur nutritive. |
| 650 | 0|aFood|xLabeling|zCanada. |
| 650 | 0|aFood|xLabeling|xStandards|zCanada. |
| 710 | 1 |aCanada. |bHealth Canada, |eissuing body. |
| 775 | 08|tÉtiquetage nutritionnel : |w(CaOODSP)9.910229 |
| 795 | |tNutrition labelling |w(CaOODSP)9.864145 |
| 856 | 40|qPDF|s93 KB|uhttps://publications.gc.ca/collections/collection_2022/sc-hc/H164-249-2022-eng.pdf |
| 986 | |a220042 |